Tupac Shakur Discography - Statistics

General Stats
  • This quiz has been taken 194 times
  • The average score is 9 of 27
Answer Stats
Year Name Type % Correct
1996 All Eyez on Me Album
96%
1995 Me Against the World Album
77%
1991 2Pacalypse Album
74%
1993 Strictly 4 My N........... Album
71%
1998 Greatest Hits Compilation
60%
1996 The Don Killuminati: The 7 Day Theory Album
59%
1997 R U Still Down? (Remember Me) Album
52%
2002 Better Dayz Album
39%
2001 Until the End of Time Album
39%
2004 Loyal to the Game Album
38%
2006 Pac's Life Album
38%
2007 Best of 2Pac, Part 1: Thug Compilation
37%
2003 Tupac: Resurrection Soundtrack
31%
2007 Best of 2Pac, Part 2: Life Compilation
29%
1999 Still I Rise Album (Collab)
29%
2005 Live at the House of Blues Live Album
21%
2000 The Rose That Grew from Concrete Compilation
14%
2003 Nu-Mixx Klazzics Remix Album
12%
2004 2Pac Live Live Album
10%
2007 Beginnings: The Lost Tapes 1988-1991 Compilation
6%
2007 Nu-Mixx Klazzics Vol. 2 Remix Album
6%
2003 The Prophet: The Best of the Works Compilation
6%
2005 The Rose, Vol. 2 Compilation
5%
2001 Makaveli & Dillinger Don't Go 2 Sleep EP (Collab)
3%
2000 The Lost Tapes Compilation
3%
1998 In His Own Words Compilation
1%
2005 The Prophet's Return Compilation
0%
No matching quizzes found
Score Distribution
Percent of People with Each Score
Percentile by Number Answered
Your Score History
You have not taken this quiz